000
002390000a22000970004500
100
1
_a
Salem, Luis D.
245
1
0
_a
El varón perfecto (Salmo 1)
300
_a
vol. 1, núm 2 (1989), Páginas 7
773
0
_t
Impacto Presbiteriano
942
_c
ANA
999
_c
50811
_d
50811